Movies Quiz

Random Movies or Clickable Quiz
Score 0/50 Timer 05:00
0 Plays Today
% Correct
Alfred
96.7%
Quentin
96.1%
Francis Ford
94.4%
Martin
94.4%
Stanley
93.3%
Orson
91.5%
Woody
90%
Ridley
89.4%
Spike
88.7%
Mel
84.1%
Oliver
82.1%
Ingmar
80.7%
Cecil B.
80%
Frank
74%
Brian
73.8%
Akira
71.2%
Kathryn
70.2%
Federico
69.4%
Robert
69.2%
Terry
67%
Sergio
63.1%
Baz
62.5%
Danny
61.7%
Billy
59.6%
John
58%
% Correct
Werner
57.1%
David
56.6%
Darren
55%
Sidney
54.7%
Elia
53.2%
Jean-Luc
53%
Lars
52.8%
Ivan
51.8%
Luc
51.8%
François
51.2%
Paul Thomas
50.6%
Miloš
50.5%
Terrence
50.2%
Fritz
49.4%
D.W.
47.7%
Howard
44.1%
Roger
40.3%
Ava
37.9%
Andrei
36.4%
Tarsem
34.3%
Edgar
34.3%
Sergei
31.8%
Susanne
28.7%
Atom
28.2%
Alejandro
23.3%
Remove Ads.
Support Sporcle.
Get the best of Sporcle when you Go Orange. This ad-free experience offers more features, more stats, and more fun while also helping to support Sporcle. Thank you for becoming a member.

You're not logged in!

Compare scores with friends on all Sporcle quizzes.
OR
Log In

Show Comments

Extras

Top Quizzes Today


Score Distribution

Your Account Isn't Verified!

In order to create a playlist on Sporcle, you need to verify the email address you used during registration. Go to your Sporcle Settings to finish the process.

Report this User

Report this user for behavior that violates our Community Guidelines.

Details: